000 00567nam a2200229Ia 4500
003 OSt
005 20221005125709.0
006 a|||||r|||| 00| 0
007 ta
008 221004b |||||||| |||| 00| 0 eng d
024 _a58932
037 _cTextual
040 _aCRL
_cCRL
_beng
041 _2eng
_aeng
082 _aU8:231:N7, K7
100 _aKoul Kashmir K
_9637006
245 0 _aPoona and Bombay by the sea
260 _c1967
650 _aGEOGRAPHY
942 _hU8:231:N7, K7
_cTEXL
_2cc
999 _c1054799
_d1054799